书目信息 |
| 题名: |
中国工农红军长征大事月表
|
|
| 作者: | 璞玉霍 , 徐爽述 , 顾训中 编 | |
| 分册: | ||
| 出版信息: | 北京 军事科学出版社 1986 |
|
| 页数: | 88页 | |
| 开本: | 19cm | |
| 丛书名: | ||
| 单 册: | ||
| 中图分类: | K264.4 | |
| 科图分类: | ||
| 主题词: | ||
| 电子资源: | ||
| ISBN: | ||
| 000 | 00788nam0 2200277 45 | |
| 001 | 0186018569 | |
| 005 | 20040519082740.2 | |
| 010 | @dCNY0.55 | |
| 091 | @aCN@b5291.063 | |
| 100 | @a19900724d1986 em y0chiy0121 ea | |
| 101 | 0 | @achi |
| 102 | @aCN@b110000 | |
| 105 | @ab z 000yd | |
| 106 | @ar | |
| 200 | 10 | @a中国工农红军长征大事月表@Azhong guo gong nong hong jun chang zheng da shi yue biao@f璞玉霍等编 |
| 210 | @a北京@c军事科学出版社@d1986 | |
| 215 | @a88页@c地图@d19cm | |
| 601 | 02 | @a中国工农红军@x大事记 |
| 610 | 0 | @a红军 |
| 690 | @aK264.4@v3 | |
| 701 | 0 | @a璞玉霍@Apu yu huo@4编 |
| 701 | 0 | @a徐爽述@Axu shuang shu@4编 |
| 701 | 0 | @a顾训中@Agu xun zhong@4编 |
| 801 | 0 | @aCN@b深圳图书馆@c20040519 |
| 801 | 2 | @aCN@bNLC@c20040519 |
| 905 | @f2@b167097-098@dK264.4@e29 | |
| 中国工农红军长征大事月表/璞玉霍等编.-北京:军事科学出版社,1986 |
| 88页:地图;19cm |
| ISBN :CNY0.55 |
| ● |
| 相关链接 |
|
|
|
|
正题名:中国工农红军长征大事月表
索取号:K264.4/29
 
预约/预借
| 序号 | 登录号 | 条形码 | 馆藏地/架位号 | 状态 | 备注 |
| 1 | 0167097 | 000353744 | 第二借阅区/ [索取号:K264.4/29] | 在馆 | |
| 2 | 0167098 | 000352816 | 第二借阅区/ [索取号:K264.4/29] | 在馆 | |
| 3 | 0167099 | 000353735 | 第二样本阅览室/ [索取号:K264.4/29] | 在馆 |